Statistics for Tudor England

Click here to take the quiz!

General Stats

  • This quiz has been taken 145 times
  • The average score is 5 of 15

Answer Stats

HintAnswer% Correct
Lord Chancellor who failed to procure Henry VIII's annulment from Catherine of AragonCardinal Thomas Wolsey
67%
Lead Edward VI's Regency Council 1547-9Edward Seymour, Duke of Somerset
63%
Year Mary Queen of Scots was executed1587
58%
Archbishop of Canterbury who wrote and compiled the Book of Common PrayerThomas Cranmer
52%
Lead a rebellion in Kent against Mary I in 1554Sir Thomas Wyatt the Younger
48%
Lead Edward VI's Regency Council 1549-53John Dudley, Duke of Northumberland
45%
Shakespeare's longest playHamlet
36%
Battle between England and Scotland where James IV of Scotland was killedBattle of Flodden Field
32%
Statute that recognized the monarch as the head of the English ChurchAct of Supremacy
29%
Title of Henry VIII's illegitimate son, Henry FitzRoyDuke of Richmond
27%
House from which Henry VII derived his main claim to the English throneHouse of Beaufort
22%
Laws that dictated which colors and fabrics could be worn in clothingSumptuary laws
9%
Only person in the Elizabethan period who sat for three counties in ParliamentSir Walter Ralegh
7%
Pointed woman's headdress popular in England c1500-50Gable hood
6%
Started the rebellion in 1534-5 that lead to the Tudor Conquest of IrelandSilken Thomas
6%

Score Distribution

Percentile by Number Answered

Percent of People with Each Score

Your Score History

You have not taken this quiz